Sechs Gesänge, Op. 31. für vier Männerstimmen / No. 3, Meeresstille und glückliche Fahrt von Goethe

Hlavní autor: Rubinštejn, Anton Grigor‘jevič, 1829-1894
Další autoři: Goethe, Johann Wolfgang von, 1749-1832
Jazyk: Němčina
Vydáno: Leipzig : Kistner, [1900?]
Vydání: Neue, vom Componisten rev. Ausg.
Fyzický popis: 7, 3, 3, 3, 3 s.
Hudebniny Hudebniny
Uloženo v:
LEADER 00971ncm a22002412a 4500
001 000647483
003 CZ BrMZK
005 20120403080204.0
008 030121s1900 gw f ger d
040 |a BOA001  |b cze  |c BOA001 
072 7 |a 784  |x Vokální hudba  |2 Konspekt  |9 9 
100 1 |a Rubinštejn, Anton Grigor‘jevič,  |d 1829-1894  |7 jn19990210543  |4 cmp 
245 1 0 |a Sechs Gesänge, Op. 31.  |n No. 3,  |p Meeresstille und glückliche Fahrt von Goethe  |h [hudebnina]  |b für vier Männerstimmen /  |c Anton Rubinstein 
246 3 0 |a Meeresstille und glückliche Fahrt von Goethe 
250 |a Neue, vom Componisten rev. Ausg. 
260 |a Leipzig :  |b Kistner,  |c [1900?] 
300 |a 7, 3, 3, 3, 3 s. 
500 |a Partitura a hlasy 
700 1 |a Goethe, Johann Wolfgang von,  |d 1749-1832  |7 jn19990002740  |4 cmp 
910 |a BOA001  |b Mus4-0363.891,3 
990 |a MU 
991 |b 201201 
996 6 |b 2619409684  |c Mus4-0363.891,3  |l MZK  |r Sklad / do 1 hodiny  |n 1  |p W  |w 000647483  |u 000010  |a 1  |e BOA001  |j MZK50  |s P